000 00787nam a22002177a 4500
005 20160108125630.0
010 _a1516EN07 ENG-114409 B-607830-848
020 _a9789351436126
_c995.00
035 _aEN-97941
035 _aB-607830-848
037 _bAsian Book Centre/Ven
_adpl
037 _bDBAD/PUB
082 _a000
245 _aJigeesha's general studies handbook paper-II
260 _aGurgaon
_bLexisNexis
_c(201?)
270 _a14th Floor, Building No.10, Tower-B, DLF Cyber City, Phase-II
_bGurgaon
_e122002
300 _avarious pagings :
_c25cm(pbk)
_bill.
490 _aCATAPULT test prep series
942 _2ddc
_cEN
_mJIG
_h000
999 _c97960
_d97960